[Event "44º Torneo Internacional de Ajedrez de La Roda"]
[Site "La Roda (Albacete) - ESPAÑA"]
[Date "2017.04.14"]
[Round "4"]
[Board "9"]
[White "Guerra Mendez, Jose Angel"]
[Black "Madina Yadarola, Martin"]
[Result "1-0"]
[WhiteElo "2542"]
[BlackElo "2243"]
[PlyCount "71"]
[EventDate "2017.04.12"]
[EventRounds "9"]
[EventCountry "ESP"]

1. e4 c5 2. Nf3 d6 3. d4 cxd4 4. Nxd4 Nf6 5. Nc3 a6 6. Bc4 e6 7. Bb3 b5 8. O-O
Be7 9. Qf3 Qc7 10. Qg3 O-O 11. Bh6 Ne8 12. Rad1 Bd7 13. f4 b4 14. Nce2 Kh8 15.
Bg5 Nf6 16. Qh4 Qd8 17. e5 dxe5 18. fxe5 Ng8 19. Bxe7 Nxe7 20. c3 bxc3 21. Nxc3
Nbc6 22. Nxc6 Nxc6 23. Qh5 Qc7 24. Ne4 Nxe5 25. Ng5 h6 26. Nxf7+ Nxf7 27. Rxf7
Qb6+ 28. Kh1 Bc6 29. Rdf1 Rxf7 30. Qxf7 e5 31. Qe7 Qd8 32. Qxe5 Qd2 33. Qg3 Re8
34. h3 Re2 35. Rf8+ Kh7 36. Bg8+ 1-0

[Event "44º Torneo Internacional de Ajedrez de La Roda"]
[Site "La Roda (Albacete) - ESPAÑA"]
[Date "2017.04.14"]
[Round "4"]
[Board "10"]
[White "Antal, Gergely"]
[Black "Mingarro Carceller, Sergi"]
[Result "1-0"]
[WhiteElo "2523"]
[BlackElo "2285"]
[PlyCount "91"]
[EventDate "2017.04.12"]
[EventRounds "9"]
[EventCountry "ESP"]

1. e4 c5 2. Nf3 e6 3. d4 cxd4 4. Nxd4 Nc6 5. Nc3 Qc7 6. Qd3 a6 7. Nxc6 bxc6 8.
Qg3 e5 9. Be2 Nf6 10. f4 d6 11. O-O Be7 12. fxe5 dxe5 13. Qxg7 Qa7+ 14. Kh1 Rg8
15. Qh6 Rg6 16. Qh4 Bg4 17. Qe1 O-O-O 18. Be3 Qb7 19. Bc4 Bb4 20. a3 Bd6 21.
Na4 Rdg8 22. Qa5 Bc7 23. Qxa6 Qxa6 24. Bxa6+ Kd7 25. Bc4 Ke8 26. Nc3 Be6 27.
Bxe6 fxe6 28. Rad1 h5 29. g3 Ng4 30. Bc5 h4 31. h3 Ne3 32. Bxe3 Rxg3 33. Bg1
Bb6 34. Bh2 Rxh3 35. Rd3 Rgg3 36. Ne2 Re3 37. Rxe3 Rxe3 38. Bg1 Rxe2 39. Bxb6
Rxc2 40. Rf2 Rc4 41. Re2 Kf7 42. Kg2 Kg6 43. Kf3 Kh5 44. Rh2 Rc1 45. Bf2 Rc2
46. Bg3 1-0

[Event "44º Torneo Internacional de Ajedrez de La Roda"]
[Site "La Roda (Albacete) - ESPAÑA"]
[Date "2017.04.14"]
[Round "4"]
[Board "11"]
[White "Villar Reymundo, Juan Antonio"]
[Black "Burmakin, Vladimir"]
[Result "0-1"]
[WhiteElo "2230"]
[BlackElo "2518"]
[PlyCount "64"]
[EventDate "2017.04.12"]
[EventRounds "9"]
[EventCountry "ESP"]

1. d4 d5 2. c4 e6 3. Nf3 Nd7 4. Nbd2 Ngf6 5. g3 b6 6. cxd5 exd5 7. Bg2 Bb7 8.
O-O Be7 9. b3 O-O 10. Bb2 Re8 11. Ne1 Nf8 12. Nd3 Bd6 13. e3 Ne4 14. Qc2 Qe7
15. Ne5 Nxd2 16. Qxd2 c5 17. Rac1 Rac8 18. Rfd1 Red8 19. Rc2 c4 20. bxc4 Bxe5
21. dxe5 dxc4 22. Bd4 Bxg2 23. Kxg2 b5 24. Qe2 Ne6 25. f4 a6 26. Qg4 Qb7+ 27.
Qf3 Qxf3+ 28. Kxf3 Nc5 29. Rb1 Nd3 30. a3 Rc6 31. h4 a5 32. Rxb5 Ne1+ 0-1

[Event "44º Torneo Internacional de Ajedrez de La Roda"]
[Site "La Roda (Albacete) - ESPAÑA"]
[Date "2017.04.14"]
[Round "4"]
[Board "12"]
[White "Shevchenko, Kirill"]
[Black "Blazquez Lopez, Berna"]
[Result "1-0"]
[WhiteElo "2491"]
[BlackElo "2203"]
[PlyCount "117"]
[EventDate "2017.04.12"]
[EventRounds "9"]
[EventCountry "ESP"]

1. e4 c6 2. d4 d5 3. e5 Bf5 4. Nf3 e6 5. Be2 Ne7 6. O-O c5 7. c3 Nec6 8. Be3
Nd7 9. a3 a5 10. Nbd2 Be7 11. dxc5 Ndxe5 12. Nb3 Nd7 13. Nbd4 Bg4 14. Bb5 Bxf3
15. Nxf3 O-O 16. Bd4 Qc7 17. Re1 Rfc8 18. Rc1 Bxc5 19. a4 Bxd4 20. cxd4 Qd8 21.
Rc3 Nb4 22. Qb3 Nf8 23. Rec1 Ng6 24. Ne1 Nf4 25. g3 Ng6 26. Nd3 Nxd3 27. Bxd3
Ne7 28. Qxb7 Rcb8 29. Qc7 Rxb2 30. Qxd8+ Rxd8 31. Rc7 Rd2 32. Bb5 Ng6 33. Rc8
Rxc8 34. Rxc8+ Nf8 35. Ra8 g5 36. Rxa5 Ng6 37. Ra7 Rxd4 38. a5 Ne5 39. a6 Nf3+
40. Kg2 g4 41. Ra8+ Kg7 42. Rg8+ Kxg8 43. a7 Rd1 44. a8=Q+ Kg7 45. Bf1 Ne1+ 46.
Kg1 Nf3+ 47. Kg2 Ne1+ 48. Kh1 Nf3 49. Qa6 d4 50. Qe2 Re1 51. Qc4 e5 52. Kg2 e4
53. Qc8 h5 54. Qf5 Rd1 55. Qxh5 Ne1+ 56. Kh1 Nf3 57. Qxg4+ Kf8 58. Kg2 Ne1+ 59.
Kh3 1-0

[Event "44º Torneo Internacional de Ajedrez de La Roda"]
[Site "La Roda (Albacete) - ESPAÑA"]
[Date "2017.04.14"]
[Round "4"]
[Board "13"]
[White "Domingo Nunez, Ruben"]
[Black "Campora, Daniel H."]
[Result "1/2-1/2"]
[WhiteElo "2256"]
[BlackElo "2439"]
[PlyCount "55"]
[EventDate "2017.04.12"]
[EventRounds "9"]
[EventCountry "ESP"]

1. e4 d6 2. d4 Nf6 3. Nc3 e5 4. Nf3 Nbd7 5. Bc4 Be7 6. a4 O-O 7. O-O c6 8. h3
b6 9. Qe2 a6 10. Rd1 Qc7 11. b4 Bb7 12. Bb3 Rac8 13. Be3 exd4 14. Nxd4 Rfe8 15.
Nf5 Bf8 16. Qd2 c5 17. Nxd6 Bxd6 18. Qxd6 cxb4 19. Qxc7 Rxc7 20. Nd5 Bxd5 21.
exd5 Rcc8 22. a5 b5 23. d6 Ne4 24. Rd4 Nec5 25. Rxb4 Nxb3 26. cxb3 Rc6 27. Rd1
Nf6 28. Rbd4 1/2-1/2

[Event "44º Torneo Internacional de Ajedrez de La Roda"]
[Site "La Roda (Albacete) - ESPAÑA"]
[Date "2017.04.14"]
[Round "4"]
[Board "14"]
[White "Valmana Canto, Jaime"]
[Black "Gomez Anadon, Daniel"]
[Result "0-1"]
[WhiteElo "2394"]
[BlackElo "2175"]
[PlyCount "86"]
[EventDate "2017.04.12"]
[EventRounds "9"]
[EventCountry "ESP"]

1. Nf3 Nf6 2. g3 d5 3. Bg2 Bf5 4. c4 c6 5. Qb3 Qb6 6. Nc3 Qxb3 7. axb3 e6 8. d3
h6 9. O-O Be7 10. cxd5 exd5 11. e4 dxe4 12. dxe4 Be6 13. Nd4 Nbd7 14. Be3 a6
15. Rfd1 O-O 16. Nxe6 fxe6 17. Bh3 Kf7 18. Ne2 Rfd8 19. Nf4 Nf8 20. e5 Nd5 21.
Nxd5 Rxd5 22. Rxd5 exd5 23. f4 Ne6 24. f5 Nc5 25. f6 gxf6 26. Rf1 Ne4 27. Bg2
Kg6 28. Bxe4+ dxe4 29. exf6 Bxf6 30. Kg2 h5 31. h4 Re8 32. Kh3 Bxb2 33. Rd1 Bf6
34. Rd7 Re7 35. Rd6 Kf5 36. Rd8 Re5 37. Rf8 Kg6 38. g4 Rb5 39. Re8 hxg4+ 40.
Kxg4 Rxb3 41. Rxe4 a5 42. Bd2 Bc3 43. Bf4 Rb4 0-1

[Event "44º Torneo Internacional de Ajedrez de La Roda"]
[Site "La Roda (Albacete) - ESPAÑA"]
[Date "2017.04.14"]
[Round "4"]
[Board "15"]
[White "Lopez Rivera, Jesus"]
[Black "Aymerich Rosell, Pablo"]
[Result "1-0"]
[WhiteElo "2345"]
[BlackElo "2174"]
[PlyCount "53"]
[EventDate "2017.04.12"]
[EventRounds "9"]
[EventCountry "ESP"]

1. e4 e5 2. Nf3 Nc6 3. d4 exd4 4. Bc4 Bc5 5. c3 Nf6 6. e5 d5 7. Bb5 Ne4 8. cxd4
Bb6 9. Nc3 O-O 10. Be3 Bg4 11. Qc2 Bxf3 12. gxf3 Ng5 13. Bxc6 bxc6 14. O-O-O f5
15. Ne2 Nxf3 16. Nf4 Qe8 17. h4 c5 18. dxc5 d4 19. Qc4+ Kh8 20. Bxd4 Nxd4 21.
Rxd4 Qc6 22. Rd5 Rad8 23. Rhd1 Rxd5 24. Rxd5 a5 25. e6 Ba7 26. e7 Re8 27. Rxf5
 1-0

[Event "44º Torneo Internacional de Ajedrez de La Roda"]
[Site "La Roda (Albacete) - ESPAÑA"]
[Date "2017.04.14"]
[Round "4"]
[Board "16"]
[White "Alvarez Serrano, Carlos"]
[Black "Esplugas Esteve, Vicenc"]
[Result "1-0"]
[WhiteElo "2190"]
[BlackElo "2342"]
[PlyCount "141"]
[EventDate "2017.04.12"]
[EventRounds "9"]
[EventCountry "ESP"]

1. d4 Nf6 2. c4 g6 3. Nc3 Bg7 4. Nf3 O-O 5. g3 d6 6. Bg2 Nc6 7. O-O a6 8. Qd3
Nd7 9. e4 e5 10. d5 Nd4 11. Be3 Nxf3+ 12. Bxf3 f5 13. Bg2 f4 14. Bd2 Qf6 15. f3
h5 16. Ne2 g5 17. b4 Qg6 18. Rac1 Nf6 19. gxf4 gxf4 20. Kh1 h4 21. Ng1 Nh5 22.
Bh3 Kf7 23. Bxc8 Raxc8 24. Nh3 Rh8 25. Rf2 Ng3+ 26. Kg1 Ne2+ 27. Kf1 Nxc1 28.
Bxc1 Bf6 29. Rg2 Qh5 30. Nf2 h3 31. Rg1 Rhg8 32. Ng4 Bh4 33. c5 Ke7 34. Bb2 Rg6
35. Qc4 Qh8 36. Ke2 Qe8 37. Rc1 Rg8 38. Qc3 Qb5+ 39. Kd2 Kf7 40. Qb3 a5 41. a3
a4 42. Qc3 Ke7 43. Kc2 Bf6 44. Kb1 Rh8 45. Qd2 Rhf8 46. Nxf6 Kxf6 47. Qxf4+ Ke7
48. cxd6+ cxd6 49. Qg5+ Kf7 50. Rxc8 Rxc8 51. Qf5+ Kg7 52. Qxc8 Qd3+ 53. Ka1
Qd1+ 54. Qc1 Qxf3 55. Qc7+ Kg8 56. Qd8+ Kf7 57. Qd7+ Kg8 58. Qc8+ Kg7 59. Qxb7+
Kg8 60. Qc8+ Kg7 61. Qd7+ Kg8 62. Qxa4 Qh1+ 63. Ka2 Qxh2 64. Qe8+ Kg7 65. Qe7+
Kg8 66. Qe6+ Kh7 67. Qxd6 Qg2 68. Qxe5 Kg8 69. Qe8+ Kh7 70. Qh8+ Kg6 71. Qg8+
 1-0

[Event "44º Torneo Internacional de Ajedrez de La Roda"]
[Site "La Roda (Albacete) - ESPAÑA"]
[Date "2017.04.14"]
[Round "4"]
[Board "17"]
[White "Buendia Pinar, Alvaro"]
[Black "Carballo Cancela, Manuel"]
[Result "1-0"]
[WhiteElo "2335"]
[BlackElo "2065"]
[PlyCount "83"]
[EventDate "2017.04.12"]
[EventRounds "9"]
[EventCountry "ESP"]

1. Nf3 Nf6 2. d4 Na6 3. c4 c5 4. d5 d6 5. Nc3 Bf5 6. Nd2 g5 7. e4 Bg6 8. Bd3
Qd7 9. O-O Ng4 10. Bc2 Kd8 11. Ba4 Qc8 12. Nf3 f6 13. h3 Nh6 14. Nh2 Nf7 15. f4
gxf4 16. Bxf4 Bh6 17. Bxh6 Nxh6 18. Ne2 Bxe4 19. Nf4 Kc7 20. Qh5 Nf5 21. Ne6+
Kb8 22. Rxf5 Bxf5 23. Qxf5 Nc7 24. Re1 a6 25. Qf3 Nxe6 26. Rxe6 Qc7 27. Qe2 b5
28. cxb5 Qa5 29. Bd1 Qxa2 30. Rxe7 Qxd5 31. b6 Qd4+ 32. Kh1 c4 33. Ng4 f5 34.
Qf3 Qxb6 35. Nf6 Ra7 36. Nd7+ Rxd7 37. Rxd7 Re8 38. Be2 Qxb2 39. Qf4 Qa1+ 40.
Bf1 Rc8 41. Qxd6+ Ka8 42. Qd5+ 1-0

[Event "44º Torneo Internacional de Ajedrez de La Roda"]
[Site "La Roda (Albacete) - ESPAÑA"]
[Date "2017.04.14"]
[Round "4"]
[Board "18"]
[White "Rottenwohrer Suarez, Juan"]
[Black "Cabezas Ayala, Ivan"]
[Result "1-0"]
[WhiteElo "2173"]
[BlackElo "2308"]
[PlyCount "85"]
[EventDate "2017.04.12"]
[EventRounds "9"]
[EventCountry "ESP"]

1. d4 Nf6 2. c4 g6 3. Nf3 Bg7 4. g3 O-O 5. Bg2 d6 6. O-O Nbd7 7. Nc3 e5 8. h3
Re8 9. e4 exd4 10. Nxd4 a6 11. Be3 Rb8 12. Qc2 Ne5 13. b3 c5 14. Nde2 b5 15.
Rad1 Qe7 16. Bg5 Qf8 17. cxb5 axb5 18. Bxf6 Bxf6 19. Nd5 Bg7 20. b4 Nc6 21. Kh2
Rd8 22. a3 Be6 23. Nef4 Nd4 24. Qb1 Bd7 25. Rfe1 h5 26. bxc5 dxc5 27. e5 Bf5
28. Be4 Nf3+ 29. Kh1 Bxe4 30. Rxe4 Nxe5 31. Rde1 Qd6 32. Qb3 g5 33. Nxh5 c4 34.
Qc3 f5 35. Rxe5 Qxd5+ 36. Kh2 Bxe5 37. Rxe5 Qd4 38. Re8+ Kf7 39. Qxd4 Rxd4 40.
Rxb8 Kg6 41. g4 fxg4 42. hxg4 Rxg4 43. Ng3 1-0

[Event "44º Torneo Internacional de Ajedrez de La Roda"]
[Site "La Roda (Albacete) - ESPAÑA"]
[Date "2017.04.14"]
[Round "4"]
[Board "19"]
[White "Fernandez Aguilar, Francisco"]
[Black "Lopez Mulet, Inigo"]
[Result "0-1"]
[WhiteElo "2104"]
[BlackElo "2301"]
[PlyCount "76"]
[EventDate "2017.04.12"]
[EventRounds "9"]
[EventCountry "ESP"]

1. Nf3 d5 2. g3 g6 3. Bg2 Bg7 4. d4 c5 5. c3 Nf6 6. O-O Nc6 7. Ne5 Qb6 8. dxc5
Qxc5 9. Nxc6 bxc6 10. Qd4 Qa5 11. Nd2 O-O 12. Nb3 Qd8 13. Qc5 Qc7 14. Qa5 Qe5
15. Nd4 Bd7 16. Bf4 Qh5 17. Nf3 Rfe8 18. Ne5 Qxe2 19. Nxd7 Nxd7 20. Qc7 Nb6 21.
Qxc6 Qxb2 22. Bxd5 Rec8 23. Qb7 g5 24. Bxg5 Rab8 25. Bxf7+ Kxf7 26. Qxe7+ Kg8
27. Qe6+ Kh8 28. Bf6 Rg8 29. Bxg7+ Rxg7 30. c4 Qd4 31. Rac1 Rbg8 32. Rfd1 Qc5
33. Kg2 Rf8 34. Qe3 Qc6+ 35. Kg1 Re8 36. Qd4 Re4 37. Qd8+ Rg8 38. Qd6 Re1+ 0-1

[Event "44º Torneo Internacional de Ajedrez de La Roda"]
[Site "La Roda (Albacete) - ESPAÑA"]
[Date "2017.04.14"]
[Round "4"]
[Board "20"]
[White "Perez Ordonez, Jose Ramon"]
[Black "Laiz Ibanez, Hector"]
[Result "1/2-1/2"]
[WhiteElo "1932"]
[BlackElo "2291"]
[PlyCount "115"]
[EventDate "2017.04.12"]
[EventRounds "9"]
[EventCountry "ESP"]

1. Nf3 g6 2. d4 f5 3. b3 Nf6 4. Bb2 Bg7 5. e3 O-O 6. c4 d6 7. Be2 c6 8. Qc2 Qc7
9. O-O Re8 10. Nbd2 Nbd7 11. b4 Nf8 12. a3 h6 13. h4 e5 14. dxe5 dxe5 15. c5
Ng4 16. g3 e4 17. Ne1 Ne5 18. Nc4 Nxc4 19. Bxc4+ Be6 20. Qb3 g5 21. hxg5 hxg5
22. Bxg7 Kxg7 23. Rd1 a5 24. Rd6 Qf7 25. Bxe6 Rxe6 26. Rxe6 Qxe6 27. Qd1 axb4
28. axb4 Ng6 29. Nc2 f4 30. exf4 gxf4 31. Qd4+ Kf7 32. Re1 Re8 33. b5 cxb5 34.
Qb2 Ne5 35. Nd4 Qc4 36. Rxe4 Nd3 37. Qe2 Qc1+ 38. Kg2 Ne1+ 39. Kh3 f3 40. Rf4+
Qxf4 41. Qxe8+ Kxe8 42. gxf4 b4 43. Kg3 Kf7 44. Kg4 Kf6 45. Kg3 Kg6 46. Kg4 Kf6
47. Kg3 Kf7 48. Kg4 Kg6 49. Kh4 Nd3 50. Kg4 Nxc5 51. Kxf3 b3 52. Nb5 Na4 53.
Ke4 b2 54. Na3 b5 55. Kd3 b4 56. Nb1 Nc3 57. Kc2 Kf5 58. Kxb2 1/2-1/2

[Event "44º Torneo Internacional de Ajedrez de La Roda"]
[Site "La Roda (Albacete) - ESPAÑA"]
[Date "2017.04.14"]
[Round "5"]
[Board "1"]
[White "Peralta, Fernando"]
[Black "Andriasian, Zaven"]
[Result "1/2-1/2"]
[WhiteElo "2565"]
[BlackElo "2615"]
[PlyCount "51"]
[EventDate "2017.04.12"]
[EventRounds "9"]
[EventCountry "ESP"]

1. d4 d5 2. c4 c6 3. Nf3 Nf6 4. Nc3 dxc4 5. a4 Bf5 6. e3 e6 7. Bxc4 Bb4 8. O-O
O-O 9. Qe2 Bg6 10. Ne5 Nbd7 11. Nxg6 hxg6 12. Rd1 Qe7 13. e4 e5 14. d5 Nb6 15.
Bb3 cxd5 16. a5 d4 17. axb6 dxc3 18. bxc3 Bc5 19. bxa7 Rxa7 20. Rxa7 Bxa7 21.
h3 Bc5 22. Bg5 b6 23. g3 Rd8 24. Ra1 Qb7 25. Bxf6 gxf6 26. Bd5 1/2-1/2

[Event "44º Torneo Internacional de Ajedrez de La Roda"]
[Site "La Roda (Albacete) - ESPAÑA"]
[Date "2017.04.14"]
[Round "5"]
[Board "2"]
[White "Forcen Esteban, Daniel"]
[Black "Korneev, Oleg"]
[Result "1-0"]
[WhiteElo "2530"]
[BlackElo "2594"]
[PlyCount "85"]
[EventDate "2017.04.12"]
[EventRounds "9"]
[EventCountry "ESP"]

1. e4 c5 2. Nf3 e6 3. d4 cxd4 4. Nxd4 a6 5. Be2 Nf6 6. Nc3 d6 7. Be3 Be7 8. g4
Qc7 9. g5 Nfd7 10. Qd2 b5 11. a3 Bb7 12. O-O-O Nc5 13. f3 Nbd7 14. Kb1 O-O 15.
h4 Ne5 16. h5 Rab8 17. g6 Nc4 18. Bxc4 bxc4 19. Rdg1 Bf6 20. gxh7+ Kxh7 21. Bg5
Qe7 22. Rg3 Ba8 23. Rhg1 Qb7 24. Nd1 c3 25. Qe3 Be5 26. Bf4 Rg8 27. Bxe5 dxe5
28. Nf5 exf5 29. Qxc5 f4 30. R3g2 f6 31. Qxc3 Qb6 32. Qc4 Rb7 33. Rg6 Rc7 34.
Qe2 Bc6 35. Nc3 Rb8 36. b3 Qd4 37. h6 Qxc3 38. hxg7 Kg8 39. Qh2 Rxb3+ 40. cxb3
Qxb3+ 41. Qb2 Qd3+ 42. Ka1 Rb7 43. Rxf6 1-0

[Event "44º Torneo Internacional de Ajedrez de La Roda"]
[Site "La Roda (Albacete) - ESPAÑA"]
[Date "2017.04.14"]
[Round "5"]
[Board "3"]
[White "Gharamian, Tigran"]
[Black "Espinosa Aranda, Angel"]
[Result "1/2-1/2"]
[WhiteElo "2625"]
[BlackElo "2446"]
[PlyCount "148"]
[EventDate "2017.04.12"]
[EventRounds "9"]
[EventCountry "ESP"]

1. e4 e5 2. Nf3 Nc6 3. Bb5 f5 4. d3 fxe4 5. dxe4 Nf6 6. O-O Bc5 7. Qd3 d6 8.
Qc4 Bd7 9. Bxc6 Bxc6 10. Nxe5 Bxf2+ 11. Rxf2 dxe5 12. Nc3 Qe7 13. Be3 Qf7 14.
Qc5 Qe7 15. Qc4 Qf7 16. Qb4 a5 17. Qa3 Qe7 18. Bc5 Qe6 19. Raf1 b6 20. Be3
O-O-O 21. Bg5 Rhf8 22. Qb3 Qxb3 23. axb3 Rd6 24. h3 b5 25. Ra1 b4 26. Ne2 Rg8
27. Ng3 Nxe4 28. Nxe4 Bxe4 29. Rxa5 Re8 30. Ra4 Rc6 31. c4 Rg6 32. Bh4 Bc6 33.
Ra5 e4 34. Rg5 e3 35. Re2 Rd6 36. Be1 g6 37. Bxb4 Rd3 38. Bc3 Bd7 39. Rg3 Bf5
40. Rf3 h5 41. Kh2 Kd7 42. Rf4 Re4 43. Kg3 Rxf4 44. Kxf4 Kc6 45. Rxe3 Rxe3 46.
Kxe3 Bc2 47. b4 Bb3 48. Kd3 Kd6 49. Bd4 c6 50. h4 Kd7 51. Be5 Kc8 52. Kd4 Kb7
53. Kc5 Ka6 54. Bf4 Ba2 55. Kd4 Bb3 56. Kd3 Bd1 57. Kc3 Kb7 58. Be3 Ka6 59. g3
Kb7 60. Bg5 Ka6 61. Bd8 Kb7 62. Kd4 Ka6 63. Ke5 Bb3 64. b5+ cxb5 65. c5 Kb7 66.
Kd6 Kc8 67. Bg5 Bc4 68. Bf4 Bd3 69. c6 Be2 70. b4 Bd3 71. Ke5 Be2 72. Kf6 Bd3
73. Kg5 Bc2 74. Bd6 Bd3 1/2-1/2

[Event "44º Torneo Internacional de Ajedrez de La Roda"]
[Site "La Roda (Albacete) - ESPAÑA"]
[Date "2017.04.14"]
[Round "5"]
[Board "4"]
[White "Baklan, Vladimir"]
[Black "Iruzubieta Villaluenga, Jesus"]
[Result "1-0"]
[WhiteElo "2600"]
[BlackElo "2434"]
[PlyCount "67"]
[EventDate "2017.04.12"]
[EventRounds "9"]
[EventCountry "ESP"]

1. e4 e5 2. Nf3 Nc6 3. Bb5 a6 4. Ba4 Nf6 5. d3 b5 6. Bb3 Bd6 7. a3 O-O 8. Nc3
Re8 9. Nd5 Na5 10. Nxf6+ Qxf6 11. Ba2 Nb7 12. Bg5 Qg6 13. h4 Bc5 14. b4 Bf8 15.
h5 Qd6 16. Be3 Nd8 17. Rh3 Ne6 18. Nh4 Nf4 19. Rf3 Qf6 20. g3 d5 21. Bxf4 exf4
22. Rxf4 Qg5 23. Nf3 Qd8 24. Kf1 Bd6 25. Rh4 Be7 26. Bxd5 Bxh4 27. Bxa8 Bg4 28.
Bd5 Bf6 29. Rb1 Bd4 30. Kg2 Qf6 31. Qe2 Re5 32. Rh1 c6 33. Bxf7+ Kh8 34. Nxe5
 1-0

[Event "44º Torneo Internacional de Ajedrez de La Roda"]
[Site "La Roda (Albacete) - ESPAÑA"]
[Date "2017.04.14"]
[Round "5"]
[Board "5"]
[White "Vorobiov, Evgeny E."]
[Black "Pilgaard, Kim"]
[Result "1-0"]
[WhiteElo "2584"]
[BlackElo "2381"]
[PlyCount "69"]
[EventDate "2017.04.12"]
[EventRounds "9"]
[EventCountry "ESP"]

1. Nf3 d5 2. g3 c6 3. Bg2 Bg4 4. O-O Nd7 5. d3 e5 6. c4 Ngf6 7. cxd5 cxd5 8.
Qa4 Bd6 9. Nc3 d4 10. Nb5 Bb8 11. Bd2 O-O 12. Bb4 Re8 13. Nd6 Bxd6 14. Bxd6 Re6
15. Ba3 Nb6 16. Qa5 e4 17. dxe4 Rxe4 18. Rfd1 Nc4 19. Qxd8+ Rxd8 20. h3 Be6 21.
e3 Nxa3 22. bxa3 Bd5 23. Nxd4 Ree8 24. Nb5 Bxg2 25. Kxg2 a6 26. Nd6 Re5 27.
Nxb7 Rb8 28. Rab1 Kf8 29. Nd6 Rxb1 30. Rxb1 Rc5 31. Rb7 Rd5 32. Nxf7 Ra5 33.
Nd8 Ne8 34. Ne6+ Kg8 35. Re7 1-0

[Event "44º Torneo Internacional de Ajedrez de La Roda"]
[Site "La Roda (Albacete) - ESPAÑA"]
[Date "2017.04.14"]
[Round "5"]
[Board "6"]
[White "Lopez Rivera, Jesus"]
[Black "Perez Candelario, Manuel"]
[Result "0-1"]
[WhiteElo "2345"]
[BlackElo "2576"]
[PlyCount "156"]
[EventDate "2017.04.12"]
[EventRounds "9"]
[EventCountry "ESP"]

1. b3 e5 2. Bb2 d6 3. e3 Nf6 4. c4 g6 5. d4 exd4 6. exd4 Bg7 7. Nf3 O-O 8. Be2
c6 9. O-O Re8 10. Nc3 Nbd7 11. Re1 Nf8 12. Qd2 Bf5 13. Bd3 Bxd3 14. Qxd3 Qa5
15. g3 Rad8 16. Rxe8 Rxe8 17. Re1 Rxe1+ 18. Nxe1 Ne6 19. Nc2 Qh5 20. Kg2 Ng4
21. h4 Qxh4 22. gxh4 Nf4+ 23. Kf3 Nxd3 24. Ba3 Ndxf2 25. Bxd6 f5 26. Bb8 a6 27.
Bg3 Nd3 28. Ne2 c5 29. d5 Kf7 30. Nf4 Nxf4 31. Bxf4 Bf6 32. Bg3 Be5 33. Ne1
Bxg3 34. Kxg3 Ne5 35. Nf3 Nd7 36. Ng5+ Kg7 37. h5 b6 38. hxg6 hxg6 39. Kf4 Kf6
40. Nf3 b5 41. Ng5 bxc4 42. bxc4 Nb6 43. Ne6 Nxc4 44. Nxc5 g5+ 45. Kf3 a5 46.
Nb7 Ke5 47. d6 Ke6 48. Nd8+ Kd7 49. Nf7 g4+ 50. Kf4 Nxd6 51. Ne5+ Ke6 52. Nc6
a4 53. Nb4 Ne4 54. Nd3 Kf6 55. Nb2 Nc3 56. a3 Kg6 57. Nd3 Nd5+ 58. Ke5 Ne3 59.
Kf4 Nc4 60. Nc5 Nb6 61. Nd3 Kf6 62. Nb4 Ke6 63. Nd3 Nd5+ 64. Kg3 Nc3 65. Kf4
Ne4 66. Nb2 g3 67. Kf3 Ke5 68. Nxa4 f4 69. Nb2 Nd2+ 70. Kg2 Ke4 71. Nd1 Nc4 72.
Nc3+ Kd3 73. Nb5 Ne3+ 74. Kf3 Nf5 75. Kg2 Nh4+ 76. Kf1 f3 77. Nd6 Ng2 78. Nf5
Ne3+ 0-1

[Event "44º Torneo Internacional de Ajedrez de La Roda"]
[Site "La Roda (Albacete) - ESPAÑA"]
[Date "2017.04.14"]
[Round "5"]
[Board "7"]
[White "Buendia Pinar, Alvaro"]
[Black "Guerra Mendez, Jose Angel"]
[Result "0-1"]
[WhiteElo "2335"]
[BlackElo "2542"]
[PlyCount "68"]
[EventDate "2017.04.12"]
[EventRounds "9"]
[EventCountry "ESP"]

1. d4 Nf6 2. c4 g6 3. Nc3 Bg7 4. Nf3 O-O 5. g3 d6 6. Bg2 Nc6 7. d5 Na5 8. Nd2
c5 9. O-O a6 10. Qc2 Bd7 11. b3 b5 12. Bb2 Rb8 13. Rab1 Qc7 14. h3 bxc4 15.
bxc4 Rb4 16. Ba3 Rxb1 17. Rxb1 Rb8 18. e4 Nh5 19. Ne2 Rxb1+ 20. Qxb1 e5 21.
dxe6 Bxe6 22. Qd3 Bh6 23. f4 Qd7 24. Bb2 Bxh3 25. Qc3 Bg7 26. Qxa5 Bxb2 27.
Qxa6 Bg4 28. Nf3 Bxf3 29. Bxf3 Nxg3 30. Qb5 Nxe2+ 31. Bxe2 Bd4+ 32. Kg2 Qe7 33.
Qb1 Qh4 34. Qf1 Be3 0-1

[Event "44º Torneo Internacional de Ajedrez de La Roda"]
[Site "La Roda (Albacete) - ESPAÑA"]
[Date "2017.04.14"]
[Round "5"]
[Board "8"]
[White "Lopez Mulet, Inigo"]
[Black "Antal, Gergely"]
[Result "0-1"]
[WhiteElo "2301"]
[BlackElo "2523"]
[PlyCount "90"]
[EventDate "2017.04.12"]
[EventRounds "9"]
[EventCountry "ESP"]

1. d4 d5 2. c4 dxc4 3. Nf3 a6 4. e3 Bg4 5. Bxc4 e6 6. O-O Nf6 7. b3 Bd6 8. Bb2
O-O 9. Nbd2 Qe7 10. Be2 Nd5 11. Nc4 f5 12. Nce5 Bh5 13. Rc1 Rd8 14. Qc2 Nd7 15.
Rfd1 N7f6 16. Nd3 f4 17. exf4 Nxf4 18. Nxf4 Bxf4 19. Ra1 Nd5 20. Ne5 Bxe5 21.
dxe5 Bxe2 22. Qxe2 Rd7 23. Rd4 Rad8 24. Rc1 c5 25. Rg4 Nb4 26. a3 Rd2 27. Qe1
Na2 28. Rb1 Qd7 29. h4 Rd1 30. Rxd1 Qxd1 31. Re4 Qxb3 32. Qe2 b5 33. Kh2 Qd5
34. Qg4 Rf8 35. Re1 Rxf2 36. Rd1 h5 37. Qg3 Qxd1 38. Qxf2 c4 39. Bd4 Nc1 40.
Bc5 Qg4 41. Qf8+ Kh7 42. Be7 Ne2 43. Qf2 Qf4+ 44. Qxf4 Nxf4 45. Bb4 Ne2 0-1

[Event "44º Torneo Internacional de Ajedrez de La Roda"]
[Site "La Roda (Albacete) - ESPAÑA"]
[Date "2017.04.14"]
[Round "5"]
[Board "9"]
[White "Burmakin, Vladimir"]
[Black "Alvarez Serrano, Carlos"]
[Result "1-0"]
[WhiteElo "2518"]
[BlackElo "2190"]
[PlyCount "115"]
[EventDate "2017.04.12"]
[EventRounds "9"]
[EventCountry "ESP"]

1. Nf3 Nf6 2. g3 b5 3. e3 b4 4. a3 e6 5. axb4 Bxb4 6. Bg2 Bb7 7. O-O O-O 8. b3
Be7 9. Bb2 c5 10. Ne5 Bxg2 11. Kxg2 Qc7 12. f4 d6 13. Nc4 Nc6 14. d3 Nd7 15.
Nc3 d5 16. Nd2 d4 17. Na4 Nb6 18. e4 f5 19. Qe2 Nb4 20. Nf3 Bf6 21. Kg1 Rae8
22. e5 Be7 23. Bc1 N4d5 24. Bd2 Qc6 25. Nb2 Ra8 26. Ra5 Rfd8 27. Rfa1 Rd7 28.
Ne1 Nb4 29. Qg2 Qxg2+ 30. Kxg2 Nc6 31. Ra6 Rc8 32. Nc4 Nxc4 33. dxc4 Bd8 34.
Nd3 Bb6 35. Kf3 Kf7 36. h3 g6 37. g4 Nb8 38. R6a4 Nc6 39. Rg1 a5 40. Ke2 Nb4
41. Bxb4 cxb4 42. Rg3 Rdd8 43. Ra1 Rd7 44. gxf5 exf5 45. h4 Rdc7 46. h5 Rc6 47.
Rh1 Kg7 48. hxg6 Rxg6 49. Kf3 Bd8 50. Rgh3 h6 51. Ra1 Bc7 52. Rh5 Rf8 53. Nc5
Rf7 54. Rd1 Bb6 55. Nd3 Bc7 56. Nc1 Rc6 57. Nd3 Bb6 58. Nf2 1-0

[Event "44º Torneo Internacional de Ajedrez de La Roda"]
[Site "La Roda (Albacete) - ESPAÑA"]
[Date "2017.04.14"]
[Round "5"]
[Board "10"]
[White "Gomez Anadon, Daniel"]
[Black "Shevchenko, Kirill"]
[Result "0-1"]
[WhiteElo "2175"]
[BlackElo "2491"]
[PlyCount "66"]
[EventDate "2017.04.12"]
[EventRounds "9"]
[EventCountry "ESP"]

1. e4 c5 2. Nc3 d6 3. Bb5+ Bd7 4. a4 Nc6 5. d3 g6 6. f4 Bg7 7. Nf3 Nf6 8. O-O
O-O 9. Bxc6 Bxc6 10. Qe1 e6 11. Kh1 Re8 12. Be3 Ng4 13. Bg1 f5 14. d4 fxe4 15.
Nxe4 c4 16. a5 Rc8 17. h3 Nh6 18. Kh2 Qc7 19. Rd1 Nf7 20. Bf2 Rb8 21. Bh4 Bxe4
22. Qxe4 Qxa5 23. Ra1 Qb6 24. d5 exd5 25. Qxd5 Qc6 26. Rfd1 Qxd5 27. Rxd5 a6
28. Nd4 Re4 29. c3 Rxf4 30. Bg3 Re4 31. Ra4 Bxd4 32. cxd4 Rc8 33. Kg1 Re2 0-1